Titan Quiz Round 1 - Statistics

General Stats
  • This quiz has been taken 7 times
    3 since last reset
  • The average score is 21 of 37
Answer Stats
Hint Answer % Correct
What is the capital of Australia? Canberra
100%
What are the two bones in the lower arm called? Radius
100%
Ulna
100%
6 Australia
67%
Who is the lead singer of Guns and Roses? Axel Rose
67%
5 Brazil
67%
Calcium
67%
2 Canada
67%
Carbon
67%
4 China
67%
Where did Charles Darwin document significant evidence for his theory of evolution? Galapagos Islands
67%
Hydrogen
67%
Iron
67%
Who played the Joker in Batman (1989)? Jack Nicholson
67%
Who was assassinated in Dallas Texas? Bonus: On what day? JFK
67%
Who played Neo in The Matrix? Keanu Reeves
67%
Who played Neo in The Matrix? Keanu Reeves
67%
What is the largest of the ‘Great Lakes’? Lake Superior
67%
Nitrogen
67%
What are the 11 elements that make up the human body? Oxygen
67%
Phosphorus
67%
Potassium
67%
Who did the voice of the Genie in Aladdin (1993)? Robin Williams
67%
What are the 6 largest countries by surface area (half point for each, order largest to smallest for one bonus point) Russia
67%
Sodium
67%
3 USA
67%
What is the capital or Lithuania? Vilnius
67%
What is the last capital city in Europe alphabetically? Zagreb
67%
Chlorine
33%
What is the world’s largest reptile? Crocodile
33%
Who wrote Wuthering Heights? Emily Brontë
33%
Magnesium
33%
Who played the title role in Batman Forever? Val Kilmer
33%
24th November 1963
0%
What is the world’s smallest bird? Bee Hummingbird
0%
Who voiced Garfield in the feature films? Bill Murray
0%
What African country is entirely landlocked by another? Lethoso
0%
No matching quizzes found
Score Distribution
Percent of People with Each Score
Percentile by Number Answered
Your Score History
You have not taken this quiz since the last reset